| 000 | 00373nam a2200145Ia 4500 | ||
|---|---|---|---|
| 999 |
_c10573 _d10573 |
||
| 003 | OSt | ||
| 005 | 20220404143517.0 | ||
| 008 | 220318s9999 xx 000 0 und d | ||
| 020 | _a9781864705799 | ||
| 082 | _a727.38 | ||
| 100 | _a Friedman, Avi, 1952- | ||
| 245 | 0 | _a Innovative student residences : new directions in sustainable design | |
| 260 | _aImages | ||
| 942 | _2ddc | ||